000 01276nam a22003857a 4500
003 CHAP
005 20220817044026.0
008 050523d2004 it rn 00110 spa d
010 _a90315
011 _a91287
020 _a9253051809
035 _a101845
040 _cCHAP
082 0 4 _a641.1
_bC68Y 2004
110 2 _aFAO. Comisión del Codex Alimentarius
_939482
245 1 0 _aInforme del período de sesiones (27o) de la Comisión del Codex Alimentarius, 2004
_c/por Comisión del Codex Alimentarius
260 _aRoma :
_bFAO,
_c2004.
300 _a102 p.
410 2 1 _aFAO
490 0 _aALINORM
_v; 04/27/41
490 0 _aPrograma conjunto FAO/OMS sobre normas alimentarias
590 _aBATCH-UPD
_b10
_c20130110
_lUCH01
_h0631
590 _aBATCH-UPD
_b10
_c20130410
_lUCH01
_h0314
590 _aBATCH-UPD
_b10
_c20130914
_lUCH01
_h0208
590 _aCONVERSION
_b10
_c20130109
_lUCH01
_h1350
650 1 4 _aAlimentos
_xAnálisis.
_94164
650 1 4 _aAlimentos
_xNormas de calidad.
_94256
810 0 _aFAO
830 0 _aALINORM
_v; 04/27/41
_94350
830 0 _aPrograma conjunto FAO/OMS sobre normas alimentarias
_992254
901 _aBK
905 _aLilia
942 _cLIBRO
949 _a641.1 C68Y 2004
_bBC
_cFAO
_d33724000950747
_eFAO1
_h105663
_i101845
_sb
999 _c90315
_d90315